000 00358nam a2200145Ia 4500
008 230917s9999||||xx |||||||||||||| ||und||
040 _e136348
_aMAIN
041 _aEnglish
082 _a821.6 S44S:S
100 _aSwinden, Patric
245 0 _aShelley : shorter poems and lyrics
260 _aLondon
_bMacmillan
_c1976
300 _a247p p.
942 _cBK
999 _c188367
_d188367